Environmentálne manažérstvo podľa schémy EMAS a medzinárodnej normy ISO 14001 v Európskom hospodárskom priestore - stav a perspektívy
Environmentálne manažérstvo podľa schémy EMAS a medzinárodnej normy ISO 14001. Problematika aplikovania environmentálneho manažérstva podľa obidvoch prístupov.
Gespeichert in:
| 1. Verfasser: | |
|---|---|
| Weitere Verfasser: | , |
| Format: | Buchkapitel |
| Sprache: | Slowakisch |
| Schlagworte: | |
| Tags: |
Keine Tags, Fügen Sie das erste Tag hinzu!
|
MARC
| LEADER | 00000nla a2200000 4500 | ||
|---|---|---|---|
| 001 | 0181736 | ||
| 005 | 20240502073122.2 | ||
| 041 | 0 | |a slo | |
| 044 | |a SK | ||
| 245 | 1 | 0 | |a Environmentálne manažérstvo podľa schémy EMAS a medzinárodnej normy ISO 14001 v Európskom hospodárskom priestore - stav a perspektívy |c Milan Majerník, Petra Szaryszová, Lenka Štofová |
| 520 | |a Environmentálne manažérstvo podľa schémy EMAS a medzinárodnej normy ISO 14001. Problematika aplikovania environmentálneho manažérstva podľa obidvoch prístupov. | ||
| 610 | 2 | 0 | |a normy ISO |
| 610 | 2 | 0 | |a certifikácia |
| 610 | 2 | 0 | |a normalizácia |
| 610 | 2 | 0 | |a normy medzinárodné |
| 610 | 2 | 0 | |a manažment environmentálny |
| 610 | 2 | 0 | |a Európa |
| 100 | 1 | |a Majerník, Milan, 1952- | |
| 700 | 1 | |a Szaryszová, Petra, 1984- | |
| 700 | 1 | |a Štofová, Lenka, 1989- | |